| 000 | 00486nab a2200145Ia 4500 | ||
|---|---|---|---|
| 003 | ES-SlBCS | ||
| 005 | 20210601133745.0 | ||
| 008 | 140529s1995 xxu||||| |||| 00| 0 por d | ||
| 041 | _apor | ||
| 100 | 1 |
_aBoggino, Norberto _9209310 |
|
| 245 | 0 | 0 |
_a¿Psicogénesis o Sociogenesis del Conocimiento? Una Cuestión a Precisar _c Norberto Boggino |
| 650 | 0 | 4 |
_aConocimiento-Sociogénesis _9209311 |
| 773 | 0 |
_tEducaçao e Filosofia _gvol. 9, nº. 18, 1995, págs. 93-104 _wRev1534 |
|
| 942 | _cAR | ||
| 999 |
_c601625 _d601625 |
||